Numerical recipes in fortran 77 : (Record no. 15210)

MARC details
000 -LEADER
fixed length control field 02532 a2200325 4500
001 - CONTROL NUMBER
control field TB12676
003 - CONTROL NUMBER IDENTIFIER
control field IN-BhIIT
005 - DATE AND TIME OF LATEST TRANSACTION
control field 20260116162342.0
008 - FIXED-LENGTH DATA ELEMENTS--GENERAL INFORMATION
fixed length control field 251226b |||||||| |||| 00| 0 eng d
020 ## - INTERNATIONAL STANDARD BOOK NUMBER
ISBN 9780521430647 (hbk.)
040 ## - CATALOGING SOURCE
Original cataloging agency IN-BhIIT
041 ## - LANGUAGE CODE
Language code of text eng
082 ## - DEWEY DECIMAL CLASSIFICATION NUMBER
Classification number 518.2015153
Book number PRE/N
100 ## - MAIN ENTRY--AUTHOR NAME
Personal name Press, William H.
Relator term Author
245 ## - TITLE STATEMENT
Title Numerical recipes in fortran 77 :
Sub Title the art of scientific computing /
Statement of responsibility, etc William H. Press ... [et.al.]
250 ## - EDITION STATEMENT
Edition statement 2nd ed.
260 ## - PUBLICATION, DISTRIBUTION, ETC. (IMPRINT)
Place of publication New York :
Name of publisher Cambridge University Press,
Year of publication 1992.
300 ## - PHYSICAL DESCRIPTION
Number of Pages xxxi, 933 p. :
Other physical details(ill.) ill. ;
Dimensions(size) 24 cm.
490 ## - SERIES STATEMENT
Series statement Numerical Recipes; v.1
504 ## - BIBLIOGRAPHY, ETC. NOTE
Bibliography, etc Includes bibliographical references and index.
520 ## - SUMMARY, ETC.
Summary, etc This is the greatly revised and greatly expanded Second Edition of the hugely popular Numerical Recipes: The Art of Scientific Computing. The product of a unique collaboration among four leading scientists in academic research and industry Numerical Recipes is a complete text and reference book on scientific computing. In a self-contained manner it proceeds from mathematical and theoretical considerations to actual practical computer routines. With over 100 new routines bringing the total to well over 300, plus upgraded versions of the original routines, this new edition remains the most practical, comprehensive handbook of scientific computing available today. Highlights of the new material include: -A new chapter on integral equations and inverse methods -Multigrid and other methods for solving partial differential equations -Improved random number routines - Wavelet transforms -The statistical bootstrap method -A new chapter on "less-numerical" algorithms including compression coding and arbitrary precision arithmetic. The book retains the informal easy-to-read style that made the first edition so popular, while introducing some more advanced topics. It is an ideal textbook for scientists and engineers and an indispensable reference for anyone who works in scientific computing. The Second Edition is availabe in FORTRAN, the traditional language for numerical calculations and in the increasingly popular C language.
650 ## - SUBJECT ADDED ENTRY--TOPICAL TERM
Topical Term Numerical language
Topical Term FORTRAN [computer program language]
Topical Term Numerical Analysis
Topical Term Programming Languages
700 ## - ADDED ENTRY--PERSONAL NAME
Personal name Flannery, Brian P.
Relator term Joint author
Personal name Teukolsky, Saul A.
Relator term Joint author
Personal name Vetterling,William T.
Relator term Joint author
942 ## - ADDED ENTRY ELEMENTS (KOHA)
Koha item type Text Book
Holdings
Withdrawn status Lost status Damaged status Not for loan Collection code Home library Current library Date acquired Source of acquisition Cost, normal purchase price Volume Info Full call number Accession Number Cost, replacement price Price effective from Koha item type
Not withdrawn Not Lost not damaged   SMS Central Library, IIT Bhubaneswar Central Library, IIT Bhubaneswar 08/12/2025 31 7055.10 I 518.2015153 PRE/N TB12676 9664.52 08/12/2025 Text Book
Not withdrawn Not Lost not damaged   SMS Central Library, IIT Bhubaneswar Central Library, IIT Bhubaneswar 19/02/2026 31 7457.42   518.2015153 PRE/N TB12817 10215.64 19/02/2026 Course Reserve

Central Library, Indian Institute of Technology Bhubaneswar, 4th Floor, Administrative Building, Argul, Khordha, PIN-752050, Odisha, India
Phone: +91-674-7138750 | Email: circulation.library@iitbbs.ac.in (For circulation related queries),
Email: info.library@iitbbs.ac.in (For other queries)